| 000 | 00774nam a2200289 a 4500 | ||
|---|---|---|---|
| 003 | AR-BaBNM | ||
| 005 | 20251128203155.0 | ||
| 008 | 082120s2002 ||||||||||||||000 | spa|| | ||
| 020 | _a950-9097-97-7 | ||
| 040 | _cAR-BaBNM | ||
| 100 | 1 | _aBates, Milton J. | |
| 245 | 0 | 0 |
_aMitología del yo _bel poeta Wallace Stevens |
| 260 |
_aBuenos Aires _bFraterna _c1989 |
||
| 300 | _a383 p. | ||
| 500 | _aContiene referencias bibliográficas en p. 13 | ||
| 650 | 4 | _aCRITICA LITERARIA | |
| 650 | 4 | _aESCRITORES | |
| 650 | 4 | _aLITERATURA ESTADOUNIDENSE | |
| 650 | 4 | _aLITERATURA CONTEMPORANEA | |
| 650 | 4 | _aBIOGRAFIAS | |
| 650 | 4 | _aPOESIA | |
| 650 | 4 | _aFILOSOFIA LITERARIA | |
| 655 | _aLITERATURA | ||
| 700 | 1 |
_aLeal, Aníbal _etraductor |
|
| 942 | _cBK | ||
| 998 | _cMARTIN | ||
| 999 |
_c2232 _d2232 |
||